000 00603cam a2200205 4500500
005 20260405003837.0
041 _afre
042 _adc
100 1 0 _aDuru, Martin
_eauthor
245 0 0 _aSonges sur canapé. Trois livres prônent la rêverie
260 _c2024.
500 _a33
690 _aBachelard
690 _aMartin Duru
690 _aOisiveté
690 _aPause
690 _aTemps
786 0 _nPhilosophie magazine | 179 | 5 | 2024-05-01 | p. 59-60 | 1951-1787
856 4 1 _uhttps://shs.cairn.info/magazine-philosophie-magazine-2024-5-page-59?lang=fr&redirect-ssocas=7080
999 _c2071358
_d2071358